Statystyki dla Czy zgadniesz rapera po nazwie płyty?

Kliknij tutaj aby rozwiązać quiz!

Ogólne statystyki

  • Ten quiz został rozwiązany 1 095 razy
  • Średni wynik to 12 z 28

Statystyki odpowiedzi

PłytaWykonawca% Poprawnych
ChillwagonChillwagon
90%
BORutoSzpaku
90%
H8M4Białas
87%
EklektykaQuebonafide
86%
DAMN.Reto
82%
Aby śmierć miała znaczenieBedoes
79%
Klub 27Solar
75%
EVIL_THINGSGuzior
72%
Brain Dead FamiliaSłoń
65%
Muzyka EmocjonalnaPezet
52%
Nowe RzeczyKękę
50%
O.c.b.O.S.T.R.
46%
50/50Kali
45%
Życie jest pięknePaluch
42%
S.P.O.R.TTede
40%
NieKumamŻabson
39%
RecydywistaChada
28%
Księga Tajemnicza PrologKaliber 44
18%
Od kołyski aż po gróbKaen
17%
HeavyWeightPopek
12%
Dolina KlaunówTrzeci Wymiar
12%
EterniaEldo
10%
Z ostatniej ławkiSolar i Białas
7%
Opowieści z miasta FatumBuka
6%
Pierwszy nielegalFirma
5%
CzyściecAK-47
4%
W...Włodi
4%
20JWP
2%

Rozkład punktacji

Percentyl według liczby udzielonych odpowiedzi

Procent ludzi z każdym wynikiem

Twoja historia wyników

Nie rozwiązałeś tego quizu